000 00974nam a2200229Ia 4500
999 _c5449
_d5449
003 OSt
005 20200612201816.0
008 191128s1972 ck gr 000 0dspa d
040 _aCO-JMCR
_cCO-JMCR
041 0 _aspa
082 0 4 _a330.126 /
_bC824c
_223
100 1 _aCuellar Lopez, Luis,
_eautor
_95566
245 1 0 _aComentarios al artículo 32 de la constitución nacional /
_cLuis Cuellar Lopez
260 _aBogotá :
_b[Pontificia Universidad Javeriana],
_c1972.
300 _a203 páginas ;
_c24 cm.
504 _aBibliografía: páginas 197-200.
505 _aEvolución del intervencionismo estatal -- La reforma de 1936 -- Historia de la reforma de 1968 -- La reforma de 1968 -- La planificación su tema central -- Nuevas ideas del artículo 32 de constitución nacional -- Diferencia entre racionalizar y planificar
546 _aspa
650 1 4 _aIntervención del estado
_93525
650 2 4 _aConstitución
_xDerecho económico
_95567
942 _2ddc
_cBK